[Event "CHN-chT"]
[Site "Suzhou"]
[Date "2001.04.04"]
[Round "9"]
[White "Chi, Fengtong"]
[Black "Xia, Yu"]
[Result "0-1"]
[WhiteElo "2229"]
[BlackElo "2335"]
[PlyCount "110"]
[EventDate "2001.03.02"]
[EventType "team"]
[EventRounds "10"]
[EventCountry "CHN"]
[SourceTitle "EXT 2002"]
[Source "ChessBase"]
[SourceDate "2001.11.25"]
[SourceVersion "1"]
[SourceVersionDate "2001.11.25"]
[SourceQuality "1"]

1. c4 c6 2. e4 e6 3. Nf3 d5 4. exd5 exd5 5. cxd5 cxd5 6. Bb5+ Nc6 7. 0-0 Bd6 8. d4 Nge7 9. h3 0-0 10. Nc3 Bf5 11. Be3 Rc8 12. Rc1 Bb8 13. Bd3 Qd7 14. Re1 Rfd8 15. a3 Na5 16. Bg5 Be6 17. Ne5 Bxe5 18. dxe5 Re8 19. Nb5 Rxc1 20. Qxc1 Nec6 21. Qf4 Nc4 22. Bxc4 dxc4 23. Nd6 Rb8 24. Re3 b5 25. h4 Ne7 26. Bxe7 Qxe7 27. h5 h6 28. Qd4 b4 29. axb4 Rxb4 30. Ra3 Qg5 31. Rxa7 Qxh5 32. Ra8+ Kh7 33. Ra7 Qe2 34. Nxf7 Rxb2 35. Qh4 Bxf7 36. Rxf7 Qxe5 37. Qf4 Rb1+ 38. Kh2 Qh5+ 39. Kg3 Qg6+ 40. Kh2 c3 41. Rxg7+ Kxg7 42. Qc7+ Qf7 43. Qxc3+ Qf6 44. Qc7+ Kg6 45. Qg3+ Qg5 46. Qd3+ Qf5 47. Qd6+ Kf7 48. Qc7+ Ke8 49. Qc6+ Kd8 50. Qxh6 Rb5 51. Qd6+ Ke8 52. Qc6+ Kf8 53. Qd6+ Kg8 54. Qd8+ Qf8 55. Qd2 Qf6 0-1

[Event "CHN-chT"]
[Site "Suzhou"]
[Date "2001.03.31"]
[Round "6"]
[White "Xia, Yu"]
[Black "Yu, Shaoteng"]
[Result "1/2-1/2"]
[WhiteElo "2335"]
[BlackElo "2493"]
[PlyCount "73"]
[EventDate "2001.03.02"]
[EventType "team"]
[EventRounds "10"]
[EventCountry "CHN"]
[SourceTitle "EXT 2002"]
[Source "ChessBase"]
[SourceDate "2001.11.25"]
[SourceVersion "1"]
[SourceVersionDate "2001.11.25"]
[SourceQuality "1"]

1. d4 e6 2. g3 Nf6 3. Bg2 d5 4. c4 Bb4+ 5. Nc3 0-0 6. Nf3 dxc4 7. 0-0 Nc6 8. e3 Rb8 9. Nd2 Nd5 10. Nxc4 Bxc3 11. bxc3 Nxc3 12. Qd2 Nd5 13. e4 Nb6 14. Nxb6 cxb6 15. Bb2 Na5 16. Rac1 b5 17. Qf4 Ra8 18. Rfd1 Nc4 19. Ba1 Bd7 20. Bf1 Rc8 21. d5 Qe7 22. Bxc4 bxc4 23. Qe5 f6 24. Qd4 exd5 25. exd5 b5 26. Bc3 Bf5 27. d6 Qd7 28. Re1 Rfe8 29. f3 Qc6 30. Kf2 Bd7 31. a3 Qb7 32. Rxe8+ Rxe8 33. Re1 Rxe1 34. Bxe1 Bc6 35. Bb4 Qd7 36. g4 h6 37. h4 1/2-1/2

[Event "Lee Cup 3rd"]
[Site "Beijing"]
[Date "1996.??.??"]
[Round "5"]
[White "Lin, Weiguo"]
[Black "Xia, Yu"]
[Result "0-1"]
[WhiteElo "2425"]
[BlackElo "2355"]
[PlyCount "96"]
[EventDate "1996.08.??"]
[EventType "swiss"]
[EventRounds "11"]
[EventCountry "CHN"]
[SourceTitle "CBM 054 Extra"]
[Source "ChessBase"]
[SourceDate "1996.11.01"]
[SourceVersion "1"]
[SourceVersionDate "1996.11.01"]
[SourceQuality "1"]

1. d4 d5 2. Bg5 c6 3. c3 Bf5 4. Nf3 Nd7 5. e3 Ngf6 6. Nbd2 h6 7. Bh4 e6 8. Be2 Be7 9. 0-0 0-0 10. Qb3 Qb6 11. Ne5 Rfe8 12. Nxd7 Nxd7 13. Bxe7 Rxe7 14. Qa3 Ree8 15. c4 Nf6 16. Bf3 a5 17. Rfc1 Qb4 18. Qc3 Qxc3 19. Rxc3 a4 20. Rac1 Ra6 21. Ra3 Rb6 22. b3 axb3 23. axb3 Bg4 24. Bxg4 Nxg4 25. h3 Nf6 26. c5 Rb4 27. f4 Ne4 28. Nxe4 dxe4 29. Kf2 f6 30. Ke2 Kf7 31. Kd2 e5 32. Kc3 Rb5 33. fxe5 fxe5 34. Kc4 exd4 35. exd4 b6 36. Ra7+ Kg8 37. Rc7 bxc5 38. dxc5 e3 39. Rxc6 Rbb8 40. Rb6 Rxb6 41. cxb6 Rc8+ 42. Kb5 Rxc1 43. b7 e2 44. b8Q+ Kh7 45. Qf4 e1Q 46. Qf5+ Kg8 47. Qd5+ Kf8 48. Qd6+ Kf7 0-1

[Event "Lee Cup 3rd"]
[Site "Beijing"]
[Date "1996.??.??"]
[Round "9"]
[White "Rausis, Igors"]
[Black "Xia, Yu"]
[Result "1-0"]
[WhiteElo "2495"]
[BlackElo "2355"]
[PlyCount "57"]
[EventDate "1996.08.??"]
[EventType "swiss"]
[EventRounds "11"]
[EventCountry "CHN"]
[SourceTitle "CBM 054 Extra"]
[Source "ChessBase"]
[SourceDate "1996.11.01"]
[SourceVersion "1"]
[SourceVersionDate "1996.11.01"]
[SourceQuality "1"]

1. e4 e6 2. d4 d5 3. Nd2 Nf6 4. e5 Nfd7 5. Bd3 b6 6. Nh3 Ba6 7. Bxa6 Nxa6 8. 0-0 c5 9. c3 Be7 10. Qg4 g6 11. Nf3 h6 12. Nf4 h5 13. Qh3 Nf8 14. g4 Qd7 15. gxh5 0-0-0 16. Kh1 gxh5 17. Rg1 h4 18. Be3 cxd4 19. cxd4 Kb7 20. Rg7 Qe8 21. Rc1 Nb4 22. a3 Nc6 23. b4 Nd7 24. b5 Nxd4 25. Nxd4 Bf8 26. Rgg1 Nxe5 27. Nc6 Nxc6 28. bxc6+ Ka8 29. Qf1 1-0

[Event "Lee Cup 3rd"]
[Site "Beijing"]
[Date "1996.??.??"]
[Round "8"]
[White "Xia, Yu"]
[Black "Liss, Eran"]
[Result "1-0"]
[WhiteElo "2355"]
[BlackElo "2525"]
[PlyCount "69"]
[EventDate "1996.08.??"]
[EventType "swiss"]
[EventRounds "11"]
[EventCountry "CHN"]
[SourceTitle "CBM 054 Extra"]
[Source "ChessBase"]
[SourceDate "1996.11.01"]
[SourceVersion "1"]
[SourceVersionDate "1996.11.01"]
[SourceQuality "1"]

1. d4 Nf6 2. Nf3 g6 3. g3 Bg7 4. Bg2 d5 5. 0-0 c6 6. c3 0-0 7. Nbd2 Nbd7 8. h3 b6 9. Ne5 Bb7 10. f4 c5 11. Kh2 e6 12. b4 Qc7 13. Bb2 Rfc8 14. Rc1 Qd8 15. Qb3 Rc7 16. a4 Rac8 17. b5 Nxe5 18. dxe5 c4 19. Qa2 Nd7 20. Rcd1 Qe8 21. Ba3 Nc5 22. Bxc5 Rxc5 23. e4 R5c7 24. exd5 exd5 25. Rfe1 Re7 26. Nf3 f6 27. exf6 Bxf6 28. Rxe7 Qxe7 29. Re1 Qg7 30. Ne5 Kh8 31. Qd2 Rd8 32. Qd4 g5 33. fxg5 Bxe5 34. Rxe5 Bc8 35. Qe3 1-0

[Event "Lee Cup 2nd"]
[Site "Beijing"]
[Date "1995.??.??"]
[Round "11"]
[White "Xia, Yu"]
[Black "Li, Shilong"]
[Result "0-1"]
[WhiteElo "2365"]
[BlackElo "2345"]
[PlyCount "40"]
[EventDate "1995.08.??"]
[EventType "swiss"]
[EventRounds "11"]
[EventCountry "CHN"]
[SourceTitle "EXT 1997"]
[Source "ChessBase"]
[SourceDate "1996.11.15"]
[SourceVersion "1"]
[SourceVersionDate "1996.11.15"]
[SourceQuality "1"]

1. d4 Nf6 2. Nf3 e6 3. g3 c5 4. c3 Nc6 5. Bg2 d5 6. 0-0 Qb6 7. dxc5 Bxc5 8. b4 Bd6 9. Be3 Qc7 10. Nd4 Nxd4 11. Bxd4 e5 12. Be3 Be6 13. Bg5 Ne4 14. Bxe4 dxe4 15. Nd2 f5 16. Qa4+ Kf7 17. Nb3 b6 18. Rad1 h6 19. Be3 Be7 20. c4 Qxc4 0-1

[Event "Lee Cup 2nd"]
[Site "Beijing"]
[Date "1995.??.??"]
[Round "4"]
[White "Xia, Yu"]
[Black "Li, Wenliang"]
[Result "1/2-1/2"]
[WhiteElo "2365"]
[BlackElo "2425"]
[PlyCount "112"]
[EventDate "1995.08.??"]
[EventType "swiss"]
[EventRounds "11"]
[EventCountry "CHN"]
[SourceTitle "EXT 1997"]
[Source "ChessBase"]
[SourceDate "1996.11.15"]
[SourceVersion "1"]
[SourceVersionDate "1996.11.15"]
[SourceQuality "1"]

1. e4 c6 2. c4 d5 3. exd5 cxd5 4. d4 Nf6 5. Nc3 e6 6. Nf3 Bb4 7. Bd3 dxc4 8. Bxc4 0-0 9. 0-0 b6 10. Qe2 Bb7 11. a3 Bxc3 12. bxc3 Nbd7 13. Bd3 Qc7 14. c4 Rac8 15. Bd2 Ng4 16. Bxh7+ Kxh7 17. Ng5+ Kg8 18. Qxg4 Nf6 19. Qd1 Qxc4 20. Bf4 Qd5 21. f3 Qf5 22. Nh3 Nd5 23. Bg5 Rc3 24. Re1 Rfc8 25. Qa4 R3c7 26. Bd2 a6 27. Rac1 b5 28. Qa5 Rc4 29. Nf2 Qf6 30. Rxc4 Rxc4 31. Bb4 Nf4 32. Qb6 Bd5 33. Qb8+ Kh7 34. Qe5 Rxd4 35. Qxf6 gxf6 36. Bc3 Ra4 37. Bb4 a5 38. Bd6 e5 39. Ng4 Kg6 40. Be7 Nh5 41. Ne3 Rd4 42. Rc1 Nf4 43. Rc8 Rd3 44. Kf2 Rd2+ 45. Kf1 Be6 46. Rg8+ Kh7 47. Rb8 Re2 48. Ng4 Bc4 49. Nxf6+ Kg6 50. g4 Rg2+ 51. Ke1 Nd3+ 52. Kf1 Nf4+ 53. Ke1 Re2+ 54. Kf1 Rc2+ 55. Kg1 Nh3+ 56. Kh1 Nf2+ 1/2-1/2

[Event "Lee Cup 2nd"]
[Site "Beijing"]
[Date "1995.??.??"]
[Round "9"]
[White "Xia, Yu"]
[Black "Zhang, Zhong"]
[Result "1/2-1/2"]
[WhiteElo "2365"]
[BlackElo "2430"]
[PlyCount "53"]
[EventDate "1995.08.??"]
[EventType "swiss"]
[EventRounds "11"]
[EventCountry "CHN"]
[SourceTitle "EXT 1997"]
[Source "ChessBase"]
[SourceDate "1996.11.15"]
[SourceVersion "1"]
[SourceVersionDate "1996.11.15"]
[SourceQuality "1"]

1. d4 Nf6 2. Nf3 d5 3. g3 e6 4. Bg2 Be7 5. c4 dxc4 6. Qa4+ Bd7 7. Qxc4 Bc6 8. 0-0 b5 9. Qc2 0-0 10. Nbd2 Bb7 11. Nb3 Be4 12. Qd1 Nbd7 13. Bg5 c5 14. dxc5 Nxc5 15. Nxc5 Bxc5 16. Rc1 Qb6 17. Bxf6 gxf6 18. Ne5 fxe5 19. Bxe4 Rad8 20. Qc2 Rc8 21. Qd2 f5 22. Bc2 Kh8 23. Qh6 e4 24. e3 e5 25. Qxb6 Bxb6 26. Kg2 Rfd8 27. Bb3 1/2-1/2